01477nam a2200193 450000500170000000800410001704000440005804100080010208200140011010000210012424500850014526000700023030000450030049000370034550004570038250504140083950600210125365000090127420180517152542.0180511n sp a|||fr|||| 001 0 spa d aCO-BoUCMbspacSandra YazodSandra Yazo1 aspa04220a549.41 aVillain, Enrique10aHistoria de un grano de salcPor Enrique Villain ; Traducción de D. G. R. y M. aMadrid (España)bImprenta de Gaspar y Roigc[fecha desconocida] a218 páginasbilustracionesc18 x 11 cm0 aBiblioteca científica creativa aDetalles físicos: Encuadernación rígida de calidad (holandesa) en cartón duro forrado en papel jaspeado con lomo de cuero (verde), nervaduras sobre costuras y adornos en dorado. Guardas simulando papel de agua. Hoja de cortesía, rota. Anteportada. Portada impresa en una sola tinta. Texto impreso en una sola columna. Grabados dentro del texto. Índice. Cinta para señalar la lectura. En portada sello seco (Librería de Rafael Estévez) 0aDistribución de la sal en la superficie del Globo ; Sal gema y sal marina ; Explotación de la sal gema ; Salinas de Wieliczka, de Bochnia, de Hallein, de Nortwich ; Salinas de mar ; Pantanos salados de Bretaña ; Salinas del litoral Mediterráneo ; Sal de ova ; Sal de salitrería ; Los lagos salados ; Explotación de la sal entre los antiguos ; Historia química de la sal: caracteres y propiedades aConsulta en sala 7aSal